000 00732nam a22002057a 4500
003 OSt
005 20251211034457.0
008 251211b |||||||| |||| 00| 0 eng d
020 _a 978-971-92292-2-3.
040 _aDWCL-Admin lib
_cOC
082 _aFil. 613 J41h 2007
100 _aJavier, Nancy Joan M.
245 _aHealth & wellness tourism :
_bregulation, trends & challenges : focus on the Philippines/
_cNancy Joan M. Javier
260 _aquezon City :
_bLex tourismo Pub. ,
_cc2007
300 _aiii, 243 p. :
_bill. ;
_c23 cm.
504 _aIncludes bibliographical references & index.
650 _a1. Health resorts-Philippines
650 _a2. Medical tourism-Philippines.
942 _2ddc
_cBK - FIL
_hFil.
_n0
999 _c7035
_d7035